书目信息 |
| 题名: |
生物经济
|
|
| 作者: | 李斌 主编 | |
| 分册: | ||
| 出版信息: | 北京 中国民主法制出版社 2022.05 |
|
| 页数: | 11, 18, 364页 | |
| 开本: | 24cm | |
| 丛书名: | ||
| 单 册: | ||
| 中图分类: | Q81-05 | |
| 科图分类: | ||
| 主题词: | 生物工程--sheng wu gong cheng--技术经济学 | |
| 电子资源: | ||
| ISBN: | 978-7-5162-2828-9 | |
| 000 | 01377nam0 2200253 450 | |
| 001 | 25036 | |
| 005 | 20220918145624.01 | |
| 010 | @a978-7-5162-2828-9@dCNY78.00 | |
| 100 | @a20220606d2022 em y0chiy50 ea | |
| 101 | 0 | @achi |
| 102 | @aCN@b110000 | |
| 105 | @aa a 000yy | |
| 200 | 1 | @a生物经济@Asheng wu jing ji@e一个革命性时代的到来@f李斌主编 |
| 210 | @a北京@c中国民主法制出版社@d2022.05 | |
| 215 | @a11, 18, 364页@c图@d24cm | |
| 314 | @a李斌, 高级记者, 全国抗震救灾模范, 全国优秀科技工作者, 北京市西城区“百名英才”荣誉称号获得者。 | |
| 320 | @a有书目 (第359-364页) | |
| 330 | @a本书作者通过立体对话知名专家、投资人、前沿企业家、科学家和政府负责人, 深入剖析新一轮科技革命和产业革命尤其是国内外生物经济发展大势: 以1953年DNA双螺旋结构的发现为标志, 生物经济进入孕育阶段 ; 2000年人类基因组草图的破译完成, 标志着生物经济进入成长阶段 ; 大约到21世纪30年代初, 生物基及生物科技产品将变得廉价且被普遍使用, 标志着生物经济发展进入其成熟阶段。本书聚焦前沿议题, 着眼现实需要, 旨在向读者揭示生物经济时代究竟是一个怎样的时代, 如何深刻把握生物经济发展规律, 如何促进生物经济健康快速发展, 为做大做强生物经济提供有效指导。 | |
| 517 | 1 | @a一个革命性时代的到来@Ayi ge ge ming xing shi dai de dao lai |
| 606 | 0 | @a生物工程@Asheng wu gong cheng@x技术经济学 |
| 690 | @aQ81-05@v5 | |
| 701 | 0 | @a李斌@Ali bin@4主编 |
| 801 | 0 | @aCN@c20220910 |
| 905 | @a河南城建学院图书馆@dQ81-05@eL125@f2 | |
| 生物经济:一个革命性时代的到来/李斌主编.-北京:中国民主法制出版社,2022.05 |
| 11, 18, 364页:图;24cm |
| ISBN 978-7-5162-2828-9:CNY78.00 |
| 本书作者通过立体对话知名专家、投资人、前沿企业家、科学家和政府负责人, 深入剖析新一轮科技革命和产业革命尤其是国内外生物经济发展大势: 以1953年DNA双螺旋结构的发现为标志, 生物经济进入孕育阶段 ; 2000年人类基因组草图的破译完成, 标志着生物经济进入成长阶段 ; 大约到21世纪30年代初, 生物基及生物科技产品将变得廉价且被普遍使用, 标志着生物经济发展进入其成熟阶段。本书聚焦前沿议题, 着眼现实需要, 旨在向读者揭示生物经济时代究竟是一个怎样的时代, 如何深刻把握生物经济发展规律, 如何促进生物经济健康快速发展, 为做大做强生物经济提供有效指导。 |
| ● |
| 相关链接 |
|
|
|
正题名:生物经济
索取号:Q81-05/L125
 
预约/预借
| 序号 | 登录号 | 条形码 | 馆藏地/架位号 | 状态 | 备注 |
| 1 | 1575687 | 215756876 | 自科库401/401自科库 32排2列2层/ [索取号:Q81-05/L125] | 在馆 | |
| 2 | 1575688 | 215756885 | 自科库401/401自科库 32排2列2层/ [索取号:Q81-05/L125] | 在馆 |